Aspects of the value added tax within the self assessment system and the extended guarantees for the provision of services in the countries of the European Union

Problematickou oblasťou je v rámci uplatňovania dane z pridanej hodnoty poskytovanie služieb. Podstata problému.

Saved in:
Bibliographic Details
Main Author: David, Petr
Format: Book Chapter
Language:English
Subjects:
Tags: Add Tag
No Tags, Be the first to tag this record!

MARC

LEADER 00000naa$a2200000$$$4500
001 0102549
005 20240717104116.2
041 0 |a eng 
044 |a CZ 
245 1 0 |a Aspects of the value added tax within the self assessment system and the extended guarantees for the provision of services in the countries of the European Union  |c Petr David 
520 |a Problematickou oblasťou je v rámci uplatňovania dane z pridanej hodnoty poskytovanie služieb. Podstata problému. 
610 2 0 |a dane z hodnoty pridanej 
610 2 0 |a služby 
610 2 0 |a Európska únia 
100 1 |a David, Petr